[Event "Oberliga Sued W 2324"]
[Site "Germany"]
[Date "2024.02.04"]
[Round "6.5"]
[White "Jenner, Meikel"]
[Black "Scheuermann, Gerhard"]
[Result "1-0"]
[WhiteElo "1949"]
[BlackElo "2099"]
[PlyCount "55"]
[EventDate "2023.09.17"]
[EventType "team-tourn"]
[EventRounds "9"]
[EventCountry "GER"]
[SourceTitle "EXT 2025"]
[Source "ChessBase"]
[SourceDate "2024.10.14"]
[SourceVersion "1"]
[SourceVersionDate "2024.10.14"]
[SourceQuality "1"]
[WhiteTeam "Saarbruecken SVG"]
[BlackTeam "Schwarzenbach Caissa"]
[WhiteTeamCountry "GER"]
[BlackTeamCountry "GER"]

1. e4 e5 2. Nc3 Nf6 3. f4 d5 4. fxe5 Nxe4 5. Qf3 Nc6 6. Bb5 Nxc3 7. dxc3 Be7 8. Bf4 a6 9. Ba4 Bh4+ 10. g3 Bg5 11. 0-0-0 Be6 12. c4 b5 13. cxd5 Nxe5 14. Qe4 Ng4 15. Nh3 Bxf4+ 16. Qxf4 Bd7 17. Rhe1+ Kf8 18. Bb3 Nf6 19. Ng5 Bg4 20. Ne6+ fxe6 21. dxe6 Bxd1 22. e7+ Qxe7 23. Rxe7 Kxe7 24. Qxc7+ Nd7 25. Kxd1 Rhd8 26. Ke2 Kf8 27. Qd6+ Ke8 28. Qe6+ 1-0

[Event "Oberliga Sued W 2223"]
[Site "Germany"]
[Date "2023.03.19"]
[Round "7.6"]
[White "Lang, Matthias"]
[Black "Jenner, Meikel"]
[Result "1/2-1/2"]
[WhiteElo "2230"]
[BlackElo "1974"]
[PlyCount "100"]
[EventDate "2022.10.23"]
[EventType "team-tourn"]
[EventRounds "9"]
[EventCountry "GER"]
[SourceTitle "EXT 2025"]
[Source "ChessBase"]
[SourceDate "2024.10.14"]
[SourceVersion "1"]
[SourceVersionDate "2024.10.14"]
[SourceQuality "1"]
[WhiteTeam "Landau"]
[BlackTeam "Saarbruecken SVG"]
[WhiteTeamCountry "GER"]
[BlackTeamCountry "GER"]

1. d4 Nf6 2. Nf3 c5 3. c3 Qc7 4. Bg5 Ne4 5. Bh4 cxd4 6. Qxd4 f5 7. Nbd2 Nc6 8. Qd3 Nxd2 9. Nxd2 d6 10. e4 Ne5 11. Qd4 f4 12. Bb5+ Bd7 13. Bxd7+ Qxd7 14. f3 Qb5 15. c4 Qa6 16. 0-0 Rc8 17. Rfc1 g6 18. Kh1 Bg7 19. Rc3 b6 20. Qd5 Rc7 21. Ra3 Qb7 22. Qe6 Nc6 23. Rb1 Nd4 24. Qd5 Qxd5 25. exd5 0-0 26. Rd3 h6 27. Bf2 Nf5 28. a4 Re8 29. g4 fxg3 30. hxg3 Be5 31. g4 Ng7 32. Be3 Kh7 33. f4 Bf6 34. b3 g5 35. Ne4 Kg6 36. Re1 gxf4 37. Bxf4 a6 38. Nxf6 Kxf6 39. Rh3 b5 40. cxb5 axb5 41. Bxh6 bxa4 42. bxa4 Ra8 43. Rf1+ Kg6 44. Bc1 Rxc1 45. Rxc1 Rxa4 46. Re3 Rxg4 47. Rxe7 Kf6 48. Rcc7 Nf5 49. Re6+ Kg5 50. Rc1 Rd4 1/2-1/2

[Event "Oberliga Sued W 2223"]
[Site "Germany"]
[Date "2023.02.05"]
[Round "5.7"]
[White "Gress, Alexander"]
[Black "Jenner, Meikel"]
[Result "1-0"]
[WhiteElo "2105"]
[BlackElo "1974"]
[PlyCount "47"]
[EventDate "2022.10.23"]
[EventType "team-tourn"]
[EventRounds "9"]
[EventCountry "GER"]
[SourceTitle "EXT 2025"]
[Source "ChessBase"]
[SourceDate "2024.10.14"]
[SourceVersion "1"]
[SourceVersionDate "2024.10.14"]
[SourceQuality "1"]
[WhiteTeam "Schwarzenbach Caissa"]
[BlackTeam "Saarbruecken SVG"]
[WhiteTeamCountry "GER"]
[BlackTeamCountry "GER"]

1. e4 c5 2. Nf3 Nc6 3. d4 cxd4 4. Nxd4 Nf6 5. Nc3 g6 6. Be3 Bg7 7. Bc4 Qa5 8. 0-0 0-0 9. Nb3 Qc7 10. Bg5 Qb8 11. Re1 h6 12. Bh4 d6 13. Qd2 g5 14. Bg3 Nh5 15. h4 Nxg3 16. hxg5 Ne5 17. gxh6 Nxc4 18. Qg5 Nh5 19. Nd5 Re8 20. Qxh5 Bh8 21. h7+ Kg7 22. g4 e5 23. Qg5+ Kxh7 24. Kg2 1-0

[Event "GER-ch Youth-A"]
[Site "Willingen"]
[Date "2022.06.10"]
[Round "8"]
[White "Kotyk, Michael"]
[Black "Jenner, Meikel"]
[Result "1-0"]
[WhiteElo "2197"]
[BlackElo "1981"]
[PlyCount "105"]
[EventDate "2022.06.04"]
[EventType "swiss"]
[EventRounds "9"]
[EventCountry "GER"]
[SourceTitle "CBM 208 Extra"]
[Source "ChessBase"]
[SourceDate "2022.07.31"]
[SourceVersion "1"]
[SourceVersionDate "2022.07.31"]
[SourceQuality "1"]

1. d4 d5 2. c4 Nc6 3. Nf3 Bg4 4. Nc3 dxc4 5. d5 Bxf3 6. gxf3 Ne5 7. Qd4 Ng6 8. Qxc4 Nf6 9. Qb5+ c6 10. Qxb7 cxd5 11. e4 Qc8 12. Bb5+ Kd8 13. Ba6 Qxb7 14. Bxb7 Rb8 15. Bxd5 e6 16. Bb3 Bb4 17. Bd2 Ke7 18. 0-0-0 Ne5 19. Bf4 Nfd7 20. Ba4 Rbc8 21. Kc2 f6 22. Bxd7 Nxd7 23. Rhg1 g5 24. Be3 Nc5 25. Rd4 Ba5 26. Rc4 Bb6 27. e5 Nd7 28. exf6+ Nxf6 29. Rxc8 Rxc8 30. Rxg5 Kf7 31. Bxb6 axb6 32. Kd3 h6 33. Rb5 Rg8 34. h4 Nd7 35. Ne4 Rg2 36. Ke3 Rh2 37. h5 Rh1 38. Nd6+ Kf6 39. Nc8 Ne5 40. Nxb6 Re1+ 41. Kf4 Nd3+ 42. Kg3 e5 43. Nc4 Rg1+ 44. Kh2 Rg5 45. Rb6+ Kg7 46. Rg6+ Rxg6 47. hxg6 Kxg6 48. a4 Kf5 49. a5 Nb4 50. Kg3 Ke6 51. f4 e4 52. Kg4 h5+ 53. Kg5 1-0

[Event "GER-chT Lands U20"]
[Site "Hannover"]
[Date "2017.10.03"]
[Round "6.2"]
[White "Jenner, Meikel"]
[Black "Gremmel, Jonas Simon"]
[Result "0-1"]
[WhiteElo "1528"]
[BlackElo "1910"]
[PlyCount "38"]
[EventDate "2017.09.29"]
[EventType "team-swiss"]
[EventRounds "7"]
[EventCountry "GER"]
[SourceTitle "EXT 2018"]
[Source "ChessBase"]
[SourceDate "2017.10.13"]
[SourceVersion "1"]
[SourceVersionDate "2017.10.13"]
[SourceQuality "1"]
[WhiteTeam "Saarland U20"]
[BlackTeam "Hamburg U20"]
[WhiteTeamCountry "GER"]
[BlackTeamCountry "GER"]

1. e4 g6 2. d4 Bg7 3. f4 d6 4. Nf3 a6 5. Be3 Nf6 6. Nc3 b5 7. Bd3 Bb7 8. a3 0-0 9. 0-0 Nbd7 10. Qd2 Ng4 11. Rac1 Nxe3 12. Qxe3 c5 13. b3 cxd4 14. Nxd4 Qb6 15. e5 dxe5 16. fxe5 Bxe5 17. Nce2 Bg7 18. c3 e5 19. Nc2 e4 0-1

[Event "GER-ch U25-A"]
[Site "Willingen"]
[Date "2017.06.09"]
[Round "8"]
[White "Brunner, Tobias"]
[Black "Jenner, Meikel"]
[Result "1-0"]
[WhiteElo "1880"]
[BlackElo "1464"]
[PlyCount "67"]
[EventDate "2017.06.04"]
[EventType "swiss"]
[EventRounds "9"]
[EventCountry "GER"]
[SourceTitle "CBM 178 Extra"]
[Source "ChessBase"]
[SourceDate "2017.06.22"]
[SourceVersion "1"]
[SourceVersionDate "2017.06.22"]
[SourceQuality "1"]

1. e4 Nf6 2. Nc3 d5 3. exd5 Nxd5 4. Bc4 c6 5. Qf3 Be6 6. Nge2 Qd6 7. Ne4 Qc7 8. Nd4 Nf4 9. Nxe6 Nxe6 10. Bxe6 fxe6 11. 0-0 Nd7 12. Ng5 Ne5 13. Qf4 Qd6 14. Re1 h6 15. Ne4 Qb8 16. Nc5 Nd7 17. Qxb8+ Rxb8 18. Nxe6 Kf7 19. b3 Rg8 20. Bb2 g5 21. Re2 Nf6 22. Rae1 Re8 23. Ba3 Nd5 24. Nxf8 Rgxf8 25. c4 Nf4 26. Rxe7+ Rxe7 27. Rxe7+ Kf6 28. g3 Nh3+ 29. Kg2 g4 30. Re6+ Kxe6 31. Bxf8 h5 32. Bh6 Ke5 33. Be3 a6 34. d4+ 1-0

[Event "GER-ch U25-A"]
[Site "Willingen"]
[Date "2017.06.07"]
[Round "6"]
[White "Koellner, Felicitas Ophelia"]
[Black "Jenner, Meikel"]
[Result "0-1"]
[WhiteElo "1729"]
[BlackElo "1464"]
[PlyCount "106"]
[EventDate "2017.06.04"]
[EventType "swiss"]
[EventRounds "9"]
[EventCountry "GER"]
[SourceTitle "CBM 178 Extra"]
[Source "ChessBase"]
[SourceDate "2017.06.22"]
[SourceVersion "1"]
[SourceVersionDate "2017.06.22"]
[SourceQuality "1"]

1. d4 Nf6 2. Nf3 e6 3. Nbd2 d5 4. e3 c5 5. c3 Nc6 6. Bd3 c4 7. Bc2 Bd7 8. e4 Nxe4 9. Nxe4 dxe4 10. Bxe4 f5 11. Bc2 Bd6 12. a4 a6 13. 0-0 0-0 14. Re1 Qc7 15. h3 Rae8 16. Qe2 e5 17. Qxc4+ Kh8 18. Ng5 Re7 19. Bd2 e4 20. h4 h6 21. Nh3 Rfe8 22. b4 b5 23. Qa2 f4 24. axb5 axb5 25. d5 e3 26. dxc6 Bxh3 27. gxh3 exd2 28. Rxe7 Qxe7 29. Kg2 f3+ 30. Kxf3 Qf6+ 31. Kg2 Qf4 32. Rh1 Rf8 33. Qa7 Qf3+ 34. Kg1 d1Q+ 35. Bxd1 Qxd1+ 36. Kg2 Qf3+ 37. Kg1 Bg3 38. Rh2 Bxh2+ 39. Kxh2 Qxf2+ 40. Qxf2 Rxf2+ 41. Kg3 Rf6 42. c7 Rc6 43. Kf4 Rxc7 44. Ke5 Rxc3 45. Kd4 Rc4+ 46. Kd3 Rxb4 47. Kc3 Rxh4 48. Kb3 Rxh3+ 49. Kb4 g5 50. Kxb5 g4 51. Kc5 g3 52. Kd4 g2 53. Ke4 g1Q 0-1